000
00211 a2200097 4500
001
28610
100
_a
245
_a
Tables for the compressible flow of dry air
260
_a
_b
Arnold
_c
090
_c
19147
_d
19147
942
_a
NUST-CAE
_c
_c
10166
999
_c
263683
_d
263683